000 01586cam a22004694i 4500
003 PE-LiUPU
005 20250731173517.0
008 150616s r 000 0 d
020 _a0896932605
035 _a(Sirsi) i9780896932609
040 _aPE-LiUPU
_bspa
_cPE-LiUPU
_erda
049 _aPRUA
082 0 4 _a253.7
_bG73C
_221
100 1 _aGarman, Julie A.,
_eautor.
245 1 0 _aCommunity that is christian.
264 1 _aWheaton, Illinois :
_bVictor Books,
_c1993.
300 _a394 páginas ;
_c22 centímetros
336 _atext
_2rdacontent
337 _aunmediated
_2rdamedia
338 _avolume
_2rdacarrier
490 0 _aGroup Builder Resources. Growing people in small groups
505 0 _aThe big picture of community.- True community.- Group development.- Special concerns of community.
526 _aSEG42
526 _aSEG41
526 _aSEG40
526 _aSEG39
526 _aP94
526 _aP87
526 _aP86
526 _aP85
526 _aP77
526 _aP76
526 _aP35
650 0 4 _aPEQUEÑOS GRUPOS - COMPENDIOS, MANUALES, ETC.
910 _ajck
_bjvq
_cjck
942 _2ddc
_cBOOK
949 _a253.7 G73C
_wDEWEY
_c1
_i41783
_lCCODEBUL1
_mBUL
_r0
_sY
_tBOOK
_u2015-6-16
_xTEOLOGIA
_zUNKNOWN
_0COMPRA
_o.STAFF. Colección General
994 _aC0
_bPEPRU
596 _a1
999 _a253.7 G73C
_wDEWEY
_c59447
_i41783
_f2021-11-12
_g5
_lCCODEBUL1
_mBUL
_r0
_sY
_tBOOK
_u2015-6-16
_xTEOLOGIA
_zUNKNOWN
_0COMPRA
_o.STAFF. Colección General
_d59447
980 _81
_gALBERTO SANCHEZ Responsable de Automatización